000 nam a22 a 4500
999 _c355296
_d355296
003 BLK
005 20220222155432.0
008 200416b bu ||||| |||| 00| 0 bu d
040 _aBLK
041 _aBUL
_cBUL
080 _aЖенско движение. Женски въпрос. Обществено положение на жената. Равноправие на жената
_b396
_z396
139 _bН 99
245 _aНяколко статии по сегашното положение на жените
260 _aРусе
_c1890
_fскоропеч. Спиро Гулабчев
300 _a84 с.
_c25 см
380 _a3
490 _9435080
_aКолекция Редки и ценни издания
500 _aЕкз. с инв. № 268758 на кор. посочена година на изд. 1892.
650 0 _9263706
_aЖенски въпрос
653 7 _9186584
_aжени
852 _aРб 890
_bРц
852 _aК 39/Н 99
942 _cKNG
_n0
_s1
944 _c2020-04-16
_kВаля Йорданова
999 _d355296
999 _d355296
999 _d355296